[Event "Mittelfranken-chTB2b 1819"]
[Site "Mittelfranken"]
[Date "2019.01.27"]
[Round "4.8"]
[White "Obermeyer, Paul Steven"]
[Black "Arlt, Birgit"]
[Result "1/2-1/2"]
[WhiteElo "1452"]
[BlackElo "1620"]
[PlyCount "59"]
[EventDate "2018.10.14"]
[EventType "team-tourn"]
[EventRounds "9"]
[EventCountry "GER"]
[SourceTitle "EXT 2022"]
[Source "ChessBase"]
[SourceDate "2021.10.06"]
[SourceVersion "1"]
[SourceVersionDate "2021.10.06"]
[SourceQuality "1"]
[WhiteTeam "Muehlhof/Schwabach II"]
[BlackTeam "Schwanstetten"]
[WhiteTeamCountry "GER"]
[BlackTeamCountry "GER"]

1. d4 d5 2. Nf3 Nf6 3. Bf4 e6 4. e3 Nbd7 5. Nc3 Bb4 6. a3 Bxc3+ 7. bxc3 c5 8. Bb5 Qa5 9. Bxd7+ Bxd7 10. 0-0 c4 11. Be5 Qd8 12. Qb1 b6 13. Qb4 a5 14. Bxf6 axb4 15. Bxd8 Kxd8 16. cxb4 Ke7 17. c3 Ra6 18. Ra2 Rha8 19. Rfa1 Ba4 20. Nd2 Bb3 21. Nxb3 cxb3 22. Rb2 Rxa3 23. Rab1 Kd6 24. g3 Kc6 25. b5+ Kxb5 26. Rxb3+ Rxb3 27. Rxb3+ Kc6 28. Kg2 Ra5 29. Kf3 Ra2 30. h3 1/2-1/2